000 00536nam a22001932 4500
001 0000001469
005 20170406113448.0
008 140114s xx 000 0 eng d
020 _c$
040 _aYour Holding Symbol
_cYour Holding Symbol
100 1 _aLynch.R.Hollis.
245 1 0 _aBlack spokesman :
_bselected published writings of edward wilmot blyden.
250 _a ed.
260 _alondon :
_bFrank cass,
_c1971.
300 _a354 p. ;
_c cm.
504 _aindex.
650 0 _aAfrica.
908 _a140114
999 _c1382
_d1382